LEADER 01491nam 2200433 450 001 000002654 005 20090305115000.0 100 $a20001102d1916----km-y0itay0103----ba 101 0 $aeng 102 $aUS 200 1 $aAdventures in friendship$fby David Grayson$gillustrated by Thomas Fogarty 200 1 $a1 $n0003980 210 $aGarden City (N.Y.)$cDoubleday, Page$d1916 215 $a232 p., [1] c. di tav.$cill.$d19 cm. 606 $aVita sociale e costumi$yMassachusetts$zSec. 20 676 $a814 700 1$aGrayson,$bDavid$0438973 702 $aFogarty,$bThomas 801 0$aIT$bUniversità della Basilicata - B.I.A.$gRICA$2unimarc 912 $a000002654 996 $aAdventures in friendship$971256 997 $aUNIBAS BAS $aMONLET BAS $aMONOGR BAS $aLETTERE CAT $aLONGO$b01$c19990908$lBAS01$h1047 CAT $aLONGO$b01$c19990908$lBAS01$h1050 CAT $c20000920$lBAS01$h1830 CAT $c20001010$lBAS01$h1633 CAT $aTROMBONE$b20$c20001102$lBAS01$h1307 CAT $c20050601$lBAS01$h1753 CAT $abatch$b01$c20050718$lBAS01$h1047 CAT $c20050718$lBAS01$h1106 CAT $c20050718$lBAS01$h1136 CAT $c20050718$lBAS01$h1151 CAT $aBATCH$b00$c20070503$lBAS01$h1733 CAT $aATR$b40$c20090305$lBAS01$h1150 FMT Z30 -1$lBAS01$LBAS01$mBOOK$1BASA1$APolo Storico-Umanistico$2GEN$BCollezione generale$3FP/3208$9FP/3208$63208$5L3208$819990908$f02$FPrestabile Generale LEADER 00881nam0-2200325---450 001 990010032530403321 005 20210503155206.0 010 $a978-88-6579-023-6 035 $a001003253 035 $aFED01001003253 035 $a(Aleph)001003253FED01 035 $a001003253 100 $a20160127d2012----km-y0itay50------ba 101 0 $aita 102 $aIT 105 $a--------001yy 200 1 $aAtlante della corruzione$fAlberto Vannucci 210 $aTorino$cGruppo Abete edizioni$d2012 215 $a285 p.$d20 cm 225 1 $a<>staffette$v7 610 0 $aCorruzione$aItalia 676 $a364.1323$v22$zita 700 1$aVannucci,$bAlberto$0140035 801 0$aIT$bUNINA$gRICA$2UNIMARC 901 $aBK 912 $a990010032530403321 952 $a364.1323 VAN 1$b2256$fBFS 959 $aBFS 996 $aAtlante della corruzione$91773679 997 $aUNINA